000 01300pab a2200169 454500
008 180718b2001 xxu||||| |||| 00| 0 eng d
100 _aLatin, David D.
245 _aSecessionist rebellion in the former Soviet Union
260 _c2001
300 _ap.839-61
362 _aOct
520 _aThe level of ethnic violence increased in Eurasia after the Soviet collapse. Two theories are tested to account for this increase. Horowitz's theory emphasizes psychological mechanisms affecting self-esteem. An alternative theory for Fearon and Van Houten, based on Brubaker's "uriadic configuration", and relying on a commitment logic, emphasizes the level of an external homeland's support for a minority population in a nationalizing state. Tests of these theories are performed on new data collected by the author from six post. Soviet republics (Estonia, Latvia, Ukraine, Kazakhstan, Moldova, and Azerbaijan), only two of which experienced secessionist rebellion. The data do not support the predictions that would follow from Horowitz's theory. The commitment theory, however, is consistent with the data and the historical record. - Reproduce.
650 _aPolitics and government - USSR
650 _aPolitics and government
773 _aComparative Political Studies
909 _a51293
999 _c51293
_d51293